000 00486nam a22001817a 4500
003 Ost
005 20250403142540.0
008 250402b |||||||| |||| 00| 0 eng d
020 _a9781447238348
040 _cBT-PhCST
050 _aD4652
082 _222
_a070.92
_bLAW
100 _aLawson, Jenny.
245 _aFuriously happy :
_ba funny book about horrible things /
260 _aLondon :
_b20 New Wharf Roads,
_cc2015
300 _axxii, 329 p. :
_bill. ;
_c20 cm.
942 _2ddc
_cF
999 _c9963
_d9963